| 000 | 00766nam a22002057a 4500 | ||
|---|---|---|---|
| 999 |
_c4813 _d4813 |
||
| 003 | AR-CdUCM | ||
| 008 | 190311b ||||| |||| 00| 0 spa d | ||
| 040 |
_aMUNICIPALIDAD PROVINCIAL DEL CUSCO _cBIBLIOTECA MUNICIPAL DEL CUSCO |
||
| 082 |
_a869.567 / _bB44 |
||
| 100 |
_aBendezú Aibar, Edmundo _914843 |
||
| 245 | _aLa poética de Martín Adán / | ||
| 260 |
_aLima : _bTalle. Graf. P. L. Villanueva, _c1969. |
||
| 300 |
_a166 páginas ; _blamina, _c21 cm. |
||
| 505 | _aContenido: Significado -- Ars Poética -- Alegoría -- Logos -- Poesís: A Alberto Ureta -- Imagen: Digitazione -- Metáfora: Frase in polaca per piano ... | ||
| 650 |
_aPoesías peruanas _91481 |
||
| 650 |
_aSiglo XX. _98 |
||
| 650 |
_aLiteratura _983 |
||
| 942 |
_2ddc _cLIBROS |
||
| 945 | _aachl | ||